<?xml version="1.0" encoding="UTF-8"?>
<record
    xmlns:xsi="http://www.w3.org/2001/XMLSchema-instance"
    xsi:schemaLocation="http://www.loc.gov/MARC21/slim http://www.loc.gov/standards/marcxml/schema/MARC21slim.xsd"
    xmlns="http://www.loc.gov/MARC21/slim">

  <leader>02876cas a22006011  4500</leader>
  <controlfield tag="001">35664</controlfield>
  <controlfield tag="003">BD-RjUL</controlfield>
  <controlfield tag="005">20211209052347.0</controlfield>
  <controlfield tag="008">140529c19059999mduwr p       0   a0eng</controlfield>
  <datafield tag="030" ind1=" " ind2=" ">
    <subfield code="a">JBCHA3</subfield>
  </datafield>
  <datafield tag="032" ind1=" " ind2=" ">
    <subfield code="a">278520</subfield>
    <subfield code="b">USPS</subfield>
  </datafield>
  <datafield tag="035" ind1=" " ind2=" ">
    <subfield code="a">(OCoLC)ocm01782222 </subfield>
  </datafield>
  <datafield tag="035" ind1=" " ind2=" ">
    <subfield code="a">(BD-RjUL)35759</subfield>
  </datafield>
  <datafield tag="040" ind1=" " ind2=" ">
    <subfield code="a">DLC</subfield>
    <subfield code="c">DLC</subfield>
    <subfield code="d">NSDP</subfield>
    <subfield code="d">OCoLC</subfield>
    <subfield code="d">NSDP</subfield>
    <subfield code="d">OCoLC</subfield>
    <subfield code="d">DLC</subfield>
    <subfield code="d">OCoLC</subfield>
    <subfield code="d">AIP</subfield>
    <subfield code="d">NSDP</subfield>
    <subfield code="d">AIP</subfield>
    <subfield code="d">OCoLC</subfield>
    <subfield code="d">DLC</subfield>
    <subfield code="d">NST</subfield>
    <subfield code="d">OCoLC</subfield>
    <subfield code="d">NST</subfield>
    <subfield code="d">DNAL</subfield>
    <subfield code="d">InU</subfield>
    <subfield code="d">NST</subfield>
    <subfield code="d">NSDP</subfield>
    <subfield code="d">InU</subfield>
    <subfield code="d">OCU-M</subfield>
    <subfield code="d">InU</subfield>
    <subfield code="d">MCM</subfield>
    <subfield code="d">GU</subfield>
    <subfield code="d">CU-S</subfield>
    <subfield code="d">NSDP</subfield>
    <subfield code="d">MCM</subfield>
    <subfield code="d">GU</subfield>
    <subfield code="d">NBuU-H</subfield>
    <subfield code="d">WaU</subfield>
    <subfield code="d">OCoLC</subfield>
    <subfield code="d">DLC</subfield>
    <subfield code="d">DNLM</subfield>
    <subfield code="d">OCoLC</subfield>
    <subfield code="d">TxBS</subfield>
    <subfield code="d">NLGGC</subfield>
    <subfield code="d">CaQQL</subfield>
    <subfield code="d">OCoLC</subfield>
    <subfield code="d">BD-RjUL</subfield>
  </datafield>
  <datafield tag="041" ind1=" " ind2=" ">
    <subfield code="a">eng</subfield>
  </datafield>
  <datafield tag="082" ind1=" " ind2="4">
    <subfield code="a">P 574.19205</subfield>
    <subfield code="b">JBC</subfield>
  </datafield>
  <datafield tag="245" ind1="0" ind2="4">
    <subfield code="a">The Journal of biological chemistry /</subfield>
    <subfield code="c">American Society of Biological Chemists.</subfield>
  </datafield>
  <datafield tag="246" ind1="1" ind2=" ">
    <subfield code="i">Popularly known as:</subfield>
    <subfield code="a">JBC</subfield>
  </datafield>
  <datafield tag="260" ind1=" " ind2=" ">
    <subfield code="a">Baltimore :</subfield>
    <subfield code="b">American Society of Biological Chemists,</subfield>
    <subfield code="c">1905-</subfield>
  </datafield>
  <datafield tag="300" ind1=" " ind2=" ">
    <subfield code="a">v.</subfield>
    <subfield code="b">ill.</subfield>
    <subfield code="c">24 cm.</subfield>
  </datafield>
  <datafield tag="321" ind1=" " ind2=" ">
    <subfield code="a">3 no. a month,</subfield>
    <subfield code="b">&lt;July 5, 1985&gt;-1993</subfield>
  </datafield>
  <datafield tag="321" ind1=" " ind2=" ">
    <subfield code="a">Semimonthly,</subfield>
    <subfield code="b">1905-</subfield>
  </datafield>
  <datafield tag="500" ind1=" " ind2=" ">
    <subfield code="a">Vols. 3-&lt;140&gt; include the society's Proceedings, 1907-&lt;41&gt;</subfield>
  </datafield>
  <datafield tag="510" ind1="2" ind2=" ">
    <subfield code="a">Chemical abstracts</subfield>
    <subfield code="x">0009-2258</subfield>
  </datafield>
  <datafield tag="550" ind1=" " ind2=" ">
    <subfield code="a">Published for the American Society of Biological Chemists, May 1920- ; by the Rockefeller Institute for Medical Research, June 1914-Nov. 1925; by the American Society for Biochemistry and Molecular Biology, Aug. 15, 1987-</subfield>
  </datafield>
  <datafield tag="650" ind1=" " ind2="0">
    <subfield code="a">Biochemistry</subfield>
    <subfield code="v">Periodicals.</subfield>
    <subfield code="9">33243</subfield>
  </datafield>
  <datafield tag="650" ind1="1" ind2="2">
    <subfield code="a">Biochemistry</subfield>
    <subfield code="v">Periodicals.</subfield>
    <subfield code="9">33243</subfield>
  </datafield>
  <datafield tag="650" ind1="1" ind2="7">
    <subfield code="a">Biochemie.</subfield>
    <subfield code="2">gtt</subfield>
    <subfield code="9">45698</subfield>
  </datafield>
  <datafield tag="650" ind1=" " ind2="6">
    <subfield code="a">Biochimie</subfield>
    <subfield code="v">P&#xE9;riodiques.</subfield>
    <subfield code="9">108577</subfield>
  </datafield>
  <datafield tag="710" ind1="2" ind2=" ">
    <subfield code="a">American Society of Biological Chemists.</subfield>
    <subfield code="9">108578</subfield>
  </datafield>
  <datafield tag="710" ind1="2" ind2=" ">
    <subfield code="a">Rockefeller Institute for Medical Research.</subfield>
    <subfield code="9">38037</subfield>
  </datafield>
  <datafield tag="710" ind1="2" ind2=" ">
    <subfield code="a">American Society for Biochemistry and Molecular Biology.</subfield>
    <subfield code="9">108579</subfield>
  </datafield>
  <datafield tag="776" ind1="1" ind2=" ">
    <subfield code="t">Journal of biological chemistry (Online)</subfield>
    <subfield code="x">1083-351X</subfield>
    <subfield code="w">(DLC)sn 95007409</subfield>
    <subfield code="w">(OCoLC)32808313</subfield>
  </datafield>
  <datafield tag="776" ind1="1" ind2=" ">
    <subfield code="t">Journal of biological chemistry (CD-ROM)</subfield>
    <subfield code="x">1067-8816</subfield>
    <subfield code="w">(DLC)sn 93004795</subfield>
    <subfield code="w">(OCoLC)27376906</subfield>
  </datafield>
  <datafield tag="942" ind1=" " ind2=" ">
    <subfield code="2">ddc</subfield>
    <subfield code="c">CR</subfield>
  </datafield>
  <datafield tag="999" ind1=" " ind2=" ">
    <subfield code="c">35664</subfield>
    <subfield code="d">35664</subfield>
  </datafield>
  <datafield tag="952" ind1=" " ind2=" ">
    <subfield code="0">0</subfield>
    <subfield code="1">0</subfield>
    <subfield code="2">ddc</subfield>
    <subfield code="4">0</subfield>
    <subfield code="5">1</subfield>
    <subfield code="7">1</subfield>
    <subfield code="a">RUCL</subfield>
    <subfield code="b">RUCL</subfield>
    <subfield code="c">Serials </subfield>
    <subfield code="d">2014-05-29</subfield>
    <subfield code="e">American Society of Biological Chemists</subfield>
    <subfield code="h">Volume 262 No.8  (1987)</subfield>
    <subfield code="l">0</subfield>
    <subfield code="o">P 574.19205 JBC V-262 No.8 1987 C-1</subfield>
    <subfield code="r">2014-05-29 00:00:00</subfield>
    <subfield code="w">2014-05-29</subfield>
    <subfield code="y">CR</subfield>
  </datafield>
</record>
